| 000 | 00971nam a2200253 a 4500 | ||
|---|---|---|---|
| 001 | BRL_896 | ||
| 005 | 20190320210938.0 | ||
| 008 | 231013s1996----mx-#######---#000-0#spa-# | ||
| 020 | _a9686806717 | ||
| 041 | _aspa | ||
| 044 | _amx | ||
| 050 | 4 |
_aF1232.C8 _b.F84 1996 |
|
| 245 | 1 | 0 |
_aFuentes para la biografía del bachiller José Manuel Correa, cura independentista de Nopala _cAntonio Cadena Guerrero, compilador. |
| 260 |
_aPachuca _bGobierno del Estado de Hidalgo, Sistema de Educación Pública de Hidalgo, Consejo Estatal para la Cultura y las Artes : H. Ayuntamiento de Nopala, Casa de la Cultura de Nopala _c1996 |
||
| 300 |
_a163 p. _c21 cm. |
||
| 440 | 0 |
_aColección Origenes _925257 |
|
| 500 | _aAu1019 | ||
| 504 | _aBibliografía: p. [165-167] | ||
| 600 | 1 | 4 |
_aCorrea, José Manuel _d-1831 _925258 |
| 651 | 4 |
_aMéxico _xHistoria _yGuerra de Independencia 1810-1821 _925259 |
|
| 700 | 1 |
_aCadena Guerrero, Antonio _925260 |
|
| 902 | _aGRL | ||
| 942 |
_2lcc _cB |
||
| 999 |
_c9708 _d9708 |
||